| 000 -LEADER |
| fixed length control field |
01590cas a22003971i 4500 |
| 001 - CONTROL NUMBER |
| control field |
vtls002487677 |
| 003 - CONTROL NUMBER IDENTIFIER |
| control field |
NUKAT |
| 005 - DATE AND TIME OF LATEST TRANSACTION |
| control field |
20191018112500.0 |
| 008 - FIXED-LENGTH DATA ELEMENTS--GENERAL INFORMATION |
| fixed length control field |
120511d19892002xxkbr p| | |0 |0eng c |
| 022 ## - INTERNATIONAL STANDARD SERIAL NUMBER |
| International Standard Serial Number |
0954-0695 |
| 035 ## - SYSTEM CONTROL NUMBER |
| System control number |
xx002487677 |
| 039 #9 - LEVEL OF BIBLIOGRAPHIC CONTROL AND CODING DETAIL [OBSOLETE] |
| Level of rules in bibliographic description |
201907300140 |
| Level of effort used to assign nonsubject heading access points |
VLOAD |
| Level of effort used to assign subject headings |
201907290217 |
| Level of effort used to assign classification |
VLOAD |
| Level of effort used to assign subject headings |
201906111101 |
| Level of effort used to assign classification |
kopwat |
| Level of effort used to assign subject headings |
201205171327 |
| Level of effort used to assign classification |
amgdy |
| 040 ## - CATALOGING SOURCE |
| Original cataloging agency |
GDY 17/HB |
| Transcribing agency |
GDY 17/IK |
| Language of cataloging |
WA 310/bw |
| 210 1# - ABBREVIATED TITLE |
| Abbreviated title |
Electron. Commun. Eng. J. |
| 222 #0 - KEY TITLE |
| Key title |
Electronics & Communication Engineering Journal |
| 245 00 - TITLE STATEMENT |
| Title |
Electronics & Communication Engineering Journal. |
| 246 1# - VARYING FORM OF TITLE |
| Title proper/short title |
Electronics and Communication Engineering Journal |
| 260 ## - PUBLICATION, DISTRIBUTION, ETC. (IMPRINT) |
| Place of publication, distribution, etc |
London : |
| Name of publisher, distributor, etc |
Institution of Electrical Engineers, |
| Date of publication, distribution, etc |
1989-2002. |
| 300 ## - PHYSICAL DESCRIPTION |
| Dimensions |
30 cm. |
| 310 ## - CURRENT PUBLICATION FREQUENCY |
| Current publication frequency |
Dwumies. |
| 336 ## - Typ zawartości |
| a |
Tekst |
| b |
txt |
| 2 |
rdacontent |
| 337 ## - Typ medium |
| a |
Bez urządzenia pośredniczącego |
| b |
n |
| 2 |
rdamedia |
| 338 ## - Typ nośnika |
| a |
Wolumin |
| b |
nc |
| 2 |
rdacarrier |
| 362 0# - DATES OF PUBLICATION AND/OR SEQUENTIAL DESIGNATION |
| Dates of publication and/or sequential designation |
Vol. 1, no. 1 (Jan.-Feb. 1989)-Vol. 14, no. 6 (Dec. 2002). |
| 650 ## - SUBJECT ADDED ENTRY--TOPICAL TERM |
| Topical term or geographic name as entry element |
Elektrotechnika |
| Form subdivision |
czasopisma. |
| 650 ## - SUBJECT ADDED ENTRY--TOPICAL TERM |
| Topical term or geographic name as entry element |
Telekomunikacja |
| Form subdivision |
czasopisma. |
| 9 (RLIN) |
1221 |
| 650 ## - SUBJECT ADDED ENTRY--TOPICAL TERM |
| Topical term or geographic name as entry element |
Elektronika |
| Form subdivision |
czasopisma. |
| 9 (RLIN) |
1536 |
| 710 2# - ADDED ENTRY--CORPORATE NAME |
| Corporate name or jurisdiction name as entry element |
Institution of Electrical Engineers. |
| 9 (RLIN) |
1519 |
| 780 00 - PRECEDING ENTRY |
| Title |
Journal of the Institution of Electronic and Radio Engineers |
| International Standard Serial Number |
0267-1689 |
| 785 16 - SUCCEEDING ENTRY |
| Title |
Communications Engineer |
| International Standard Serial Number |
1479-8352 |
| Record control number |
23904 |
| 785 16 - SUCCEEDING ENTRY |
| Title |
Electronics Systems and Software |
| 856 42 - ELECTRONIC LOCATION AND ACCESS |
| Uniform Resource Identifier |
http://ieeexplore.ieee.org/xpl/RecentIssue.jsp?punumber=2219 |
| 942 ## - ADDED ENTRY ELEMENTS (KOHA) |
| Source of classification or shelving scheme |
|
| Item type |
Wydawnictwa ciągłe |